000 00378nam a22001697a 4500
003 UA-OsUOA
001 4599
007 ta
008 20050721b un ||||| |||| 00| 0 ukr d
100 _aGraham
700 _aDom Aelred
942 _cBK
040 _aUA-OsUOA
_cUA-OsUOA
_dUA-OsUOA
245 _aConversation: Christian and Buddhist.
_bPhilosophy
955 _a2
650 7 _2UDC
999 _c290761
_d290761